| 000 | 00599nam a22002057a 4500 | ||
|---|---|---|---|
| 005 | 20260209114414.0 | ||
| 010 | _aENG-147758 | ||
| 020 |
_a9788199249462 _c595.00 |
||
| 035 | _aEN-131290 | ||
| 037 | _bDBAD | ||
| 082 |
_aN _21 |
||
| 100 |
_aRafeek, Sonia _987212 |
||
| 245 |
_aHerbarium/ _cSonia Rafeek [and] Translated By Ministhy S. |
||
| 250 | _a1 | ||
| 260 |
_aNew Delhi _bNiyogi Books _c2026 |
||
| 270 |
_aBlock D, Building No. 77, Okhla Industrial Area, Phase-I _bNew Delhi _e110020 |
||
| 300 |
_a338p. _c20cm(pb) |
||
| 700 |
_aMinisthy S. _eTranslator _987211 |
||
| 942 |
_2ddc _cEN _hN _mRAF |
||
| 999 |
_c214740 _d214740 |
||